zpět

Detail výsledku týmu

Forrum, Brno

Datum a čas kvízu

36.5 Celkem bodů Celkový počet nahraných bodů na tomto kvízu bez doplňovacích otázek.
3. Pořadí na kvízu Konečné umístění týmu na tomto kvízu.

Zaznamenané odpovědi

# Otázka Odpověď Body Výsledky
1. Vláda minulý týden představila... úkol 0
2. Minulý týden bylo rozhodnuto o... Julian Assange 1
3. Jedna z hlavních postav animov... (Buzz) Rakeťák 1
4. Společnost Apple následovala m... Ulož.to 1
5. Basketbalová NBA již zná svého... Golden State Warriors 0
6. V následujících pěti otázkách... Vykoupení z věznice Shawshank; Tim Robbins a Morgan Freeman 0.5
7. Pokračujeme snímkem Pulp Ficti... 1D 2B 3C 4A 1
8. V roce 2013 byl natočen životo... James Hunt, Niki Lauda 1
9. Jak zní příjmení manželského p... Márovi 0
10. Přiřaďte k sobě herecké předst... 1C 2A 3D 4B 0